[Event "Alberta op"]
[Site "Calgary"]
[Date "2016.10.10"]
[Round "5"]
[White "Pechenkin, Vladimir"]
[Black "Ebrahim Shirazi, Behrooz"]
[Result "1-0"]
[WhiteElo "2292"]
[BlackElo "2022"]
[PlyCount "47"]
[EventDate "2016.10.08"]
[EventType "swiss"]
[EventRounds "6"]
[EventCountry "CAN"]
[SourceTitle "EXT 2018"]
[Source "ChessBase"]
[SourceDate "2017.10.13"]
[SourceVersion "1"]
[SourceVersionDate "2017.10.13"]
[SourceQuality "1"]

1. c4 e5 2. g3 Nf6 3. Bg2 c6 4. d4 e4 5. Nc3 d5 6. Bg5 Be7 7. cxd5 cxd5 8. Qb3 Nc6 9. Bxf6 Bxf6 10. Qxd5 Qb6 11. Nxe4 Qb4+ 12. Kf1 Bxd4 13. Nd6+ Ke7 14. Nxc8+ Rhxc8 15. Bh3 Rd8 16. Qe4+ Kf8 17. Rb1 Qc5 18. e3 Re8 19. Qxh7 Bxe3 20. Re1 Qc4+ 21. Kg2 f6 22. fxe3 Rad8 23. Nf3 Ne5 24. Qh8+ 1-0

[Event "Alberta-chA"]
[Site "Edmonton"]
[Date "2016.03.26"]
[Round "3"]
[White "Pechenkin, Vladimir"]
[Black "Haessel, Dale R"]
[Result "1/2-1/2"]
[WhiteElo "2309"]
[BlackElo "2212"]
[PlyCount "131"]
[EventDate "2016.03.25"]
[EventType "tourn"]
[EventRounds "5"]
[EventCountry "CAN"]
[SourceTitle "EXT 2017"]
[Source "ChessBase"]
[SourceDate "2016.10.25"]
[SourceVersion "1"]
[SourceVersionDate "2016.10.25"]
[SourceQuality "1"]

1. c4 c5 2. g3 Nc6 3. Bg2 g6 4. Nc3 Bg7 5. Nf3 e6 6. d3 Nge7 7. Bg5 h6 8. Bd2 d6 9. Qc1 b6 10. Rb1 Bb7 11. 0-0 Qd7 12. a3 Rd8 13. b4 Nd4 14. Nxd4 cxd4 15. Nd1 Bxg2 16. Kxg2 g5 17. e4 dxe3 18. fxe3 Ng6 19. Bc3 Ne5 20. Nf2 f5 21. Bxe5 Bxe5 22. Qd1 0-0 23. d4 Bg7 24. Qd3 Qb7+ 25. d5 Rde8 26. e4 fxe4 27. Nxe4 Rxf1 28. Rxf1 exd5 29. Nf6+ Bxf6 30. Qg6+ Kh8 31. Qxh6+ Qh7 32. Qxf6+ Qg7 33. Qxg7+ Kxg7 34. cxd5 Re5 35. Rc1 a5 36. Rc6 axb4 37. axb4 Rxd5 38. Rxb6 g4 39. Kf2 Kf6 40. Ke3 Ke5 41. Rb8 Rd1 42. Re8+ Kd5 43. Rg8 Rd4 44. Rg5+ Kc4 45. b5 d5 46. b6 Re4+ 47. Kd2 Kc5 48. b7 Rb4 49. Rxg4 Rxb7 50. h4 d4 51. Kd3 Rb3+ 52. Ke4 Re3+ 53. Kf4 Re1 54. Rg8 d3 55. Rd8 Kc4 56. g4 Kc3 57. g5 d2 58. g6 d1Q 59. Rxd1 Rxd1 60. h5 Kd4 61. Kf5 Rh1 62. g7 Rxh5+ 63. Kg6 Rh1 64. g8Q Rg1+ 65. Kf7 Rxg8 66. Kxg8 1/2-1/2

[Event "Edmonton"]
[Site "Edmonton"]
[Date "2015.11.08"]
[Round "4"]
[White "Kraai, Jesse"]
[Black "Pechenkin, Vladimir"]
[Result "1-0"]
[WhiteElo "2506"]
[BlackElo "2327"]
[PlyCount "57"]
[EventDate "2015.11.06"]
[EventType "tourn"]
[EventRounds "9"]
[EventCountry "CAN"]
[EventCategory "2"]
[SourceTitle "CBM 169 Extra"]
[Source "ChessBase"]
[SourceDate "2015.12.18"]
[SourceVersion "1"]
[SourceVersionDate "2015.12.18"]
[SourceQuality "1"]

1. d4 f5 2. Bg5 g6 3. Nc3 Bg7 4. e3 Nf6 5. h4 h6 6. Bxf6 Bxf6 7. Qf3 e6 8. Nge2 d5 9. g4 Qe7 10. Nf4 Qf7 11. h5 fxg4 12. Qxg4 gxh5 13. Nxh5 Nc6 14. Bd3 Bg5 15. f4 e5 16. Qe2 exf4 17. exf4+ Kd8 18. 0-0-0 Re8 19. Qg2 Bxf4+ 20. Kb1 Bg5 21. Rhf1 Qg8 22. Nxd5 Be6 23. c4 Bxd5 24. cxd5 Nb4 25. Be4 c6 26. Qh2 Rxe4 27. Qd6+ Ke8 28. Qxb4 Rd8 29. Qxb7 1-0

[Event "Edmonton"]
[Site "Edmonton"]
[Date "2015.11.06"]
[Round "1"]
[White "Bakre, Tejas"]
[Black "Pechenkin, Vladimir"]
[Result "1-0"]
[WhiteElo "2438"]
[BlackElo "2327"]
[PlyCount "79"]
[EventDate "2015.11.06"]
[EventType "tourn"]
[EventRounds "9"]
[EventCountry "CAN"]
[EventCategory "2"]
[SourceTitle "CBM 169 Extra"]
[Source "ChessBase"]
[SourceDate "2015.12.18"]
[SourceVersion "1"]
[SourceVersionDate "2015.12.18"]
[SourceQuality "1"]

1. Nf3 e6 2. d4 f5 3. g3 Nf6 4. Bg2 d5 5. c4 c6 6. 0-0 Bd6 7. b3 Qe7 8. Bb2 b6 9. Qc1 Bb7 10. Ba3 Nbd7 11. Rd1 Ne4 12. Nfd2 0-0 13. Nxe4 fxe4 14. Bxd6 Qxd6 15. Qa3 c5 16. Nc3 Nf6 17. f3 exf3 18. Bxf3 Ne4 19. Nxe4 dxe4 20. Bg2 Rad8 21. e3 Rf7 22. Qc1 Rdf8 23. Qc3 h5 24. dxc5 Qxc5 25. Qd4 Qf5 26. Rf1 Qg4 27. Rxf7 Rxf7 28. Rf1 Rxf1+ 29. Bxf1 Kh7 30. Qe5 Qf3 31. Qf4 e5 32. Qg5 Bc8 33. h3 Qd1 34. g4 hxg4 35. Qh5+ Kg8 36. Qe8+ Kh7 37. Qxc8 Qf3 38. Qxg4 Qxe3+ 39. Kg2 Qd2+ 40. Be2 1-0

[Event "Edmonton 10th"]
[Site "Edmonton"]
[Date "2015.06.22"]
[Round "3"]
[White "Ganguly, Surya Shekhar"]
[Black "Pechenkin, Vladimir"]
[Result "1-0"]
[WhiteElo "2625"]
[BlackElo "2314"]
[PlyCount "87"]
[EventDate "2015.06.20"]
[EventType "tourn"]
[EventRounds "9"]
[EventCountry "CAN"]
[EventCategory "10"]
[SourceTitle "CBM 167 Extra"]
[Source "ChessBase"]
[SourceDate "2015.09.14"]
[SourceVersion "1"]
[SourceVersionDate "2015.09.14"]
[SourceQuality "1"]

1. e4 e6 2. d4 d5 3. Nc3 Nf6 4. e5 Nfd7 5. f4 c5 6. Nf3 Nc6 7. Be3 a6 8. Qd2 b5 9. dxc5 Bxc5 10. Bd3 Qb6 11. Bf2 Bb7 12. 0-0 Bxf2+ 13. Qxf2 Qxf2+ 14. Rxf2 b4 15. Ne2 Ke7 16. a3 a5 17. Bb5 Nc5 18. Bxc6 Bxc6 19. Ned4 Bd7 20. axb4 axb4 21. Rff1 Rhb8 22. Nd2 f6 23. Kf2 Be8 24. Ke3 Rc8 25. g4 Kd7 26. h4 fxe5 27. fxe5 Ke7 28. g5 Na4 29. Ra2 Nb6 30. Rfa1 Ba4 31. b3 Be8 32. Rxa8 Rxa8 33. Rxa8 Nxa8 34. N2f3 Kd7 35. Ne1 Bg6 36. Ng2 Nc7 37. Nf4 Be8 38. Nde2 Ke7 39. Kd4 Na6 40. Ng3 Bb5 41. Nh1 Kf7 42. Nf2 Ke7 43. Ng4 Bd7 44. h5 1-0

[Event "Edmonton 10th"]
[Site "Edmonton"]
[Date "2015.06.21"]
[Round "2"]
[White "Pechenkin, Vladimir"]
[Black "Ivanchuk, Vassily"]
[Result "0-1"]
[WhiteElo "2314"]
[BlackElo "2733"]
[PlyCount "66"]
[EventDate "2015.06.20"]
[EventType "tourn"]
[EventRounds "9"]
[EventCountry "CAN"]
[EventCategory "10"]
[SourceTitle "CBM 167 Extra"]
[Source "ChessBase"]
[SourceDate "2015.09.14"]
[SourceVersion "1"]
[SourceVersionDate "2015.09.14"]
[SourceQuality "1"]

1. c4 c6 2. g3 d5 3. Nf3 dxc4 4. Bg2 Nd7 5. Na3 Nb6 6. Ne5 Qd4 7. f4 f6 8. e3 Qc5 9. d4 cxd3 10. Nxd3 Qd6 11. 0-0 Bf5 12. e4 Qd4+ 13. Nf2 Qxd1 14. Rxd1 Bg6 15. Nd3 Bh5 16. Re1 e5 17. Be3 0-0-0 18. Bh3+ Kb8 19. Bf1 exf4 20. gxf4 Nh6 21. h3 Bd6 22. b4 Nf7 23. Nc5 g5 24. Bd4 Bxc5 25. Bxc5 gxf4 26. Nc4 Rhg8+ 27. Kf2 Nxc4 28. Bxc4 b6 29. Bxf7 Rd2+ 30. Re2 Rxe2+ 31. Kf1 bxc5 32. Bxg8 cxb4 33. Bxh7 Rh2 0-1

[Event "Lethbridge op"]
[Site "Lethbridge"]
[Date "2015.04.12"]
[Round "5"]
[White "Pechenkin, Vladimir"]
[Black "Tran Ly, Tristan"]
[Result "1-0"]
[WhiteElo "2304"]
[BlackElo "1888"]
[PlyCount "57"]
[EventDate "2015.04.11"]
[EventType "swiss"]
[EventRounds "5"]
[EventCountry "CAN"]
[SourceTitle "EXT 2017"]
[Source "ChessBase"]
[SourceDate "2016.10.25"]
[SourceVersion "1"]
[SourceVersionDate "2016.10.25"]
[SourceQuality "1"]

1. c4 g6 2. Nc3 Bg7 3. g3 c5 4. Bg2 Nc6 5. Nf3 Nf6 6. d4 cxd4 7. Nxd4 0-0 8. 0-0 Ng4 9. e3 d6 10. b3 Nge5 11. h3 Nxd4 12. exd4 Nc6 13. Be3 e5 14. dxe5 dxe5 15. Bc5 Re8 16. Nb5 Bf8 17. Bxf8 Rxf8 18. Qxd8 Rxd8 19. Rad1 Nd4 20. f4 f6 21. fxe5 fxe5 22. Nxd4 exd4 23. Bd5+ Kh8 24. g4 a5 25. Rxd4 Ra6 26. Re4 Kg7 27. Rf7+ Kh6 28. Ree7 Kg5 29. Re5+ 1-0

[Event "Edmonton-ch"]
[Site "Edmonton"]
[Date "2015.01.22"]
[Round "2.1"]
[White "Miller, David"]
[Black "Pechenkin, Vladimir"]
[Result "0-1"]
[WhiteElo "2064"]
[BlackElo "2304"]
[PlyCount "152"]
[EventDate "2015.01.08"]
[EventType "k.o."]
[EventRounds "3"]
[EventCountry "CAN"]
[SourceTitle "EXT 2019"]
[Source "ChessBase"]
[SourceDate "2018.10.10"]
[SourceVersion "1"]
[SourceVersionDate "2018.10.10"]
[SourceQuality "1"]

1. e4 e6 2. d4 d5 3. Nc3 Nf6 4. e5 Nfd7 5. f4 c5 6. Nf3 Nc6 7. Be3 a6 8. Qd2 b5 9. dxc5 Bxc5 10. Bd3 Qb6 11. Bf2 Bxf2+ 12. Qxf2 Qxf2+ 13. Kxf2 Nc5 14. a3 b4 15. Ne2 Rb8 16. Ned4 Nxd4 17. Nxd4 Bd7 18. b3 Nxd3+ 19. cxd3 bxa3 20. Rxa3 Rb6 21. Rha1 Bc8 22. Rc1 Kd7 23. Ra5 Bb7 24. Rac5 Rc8 25. Ke3 Rxc5 26. Rxc5 f6 27. Kd2 fxe5 28. fxe5 Bc8 29. Kc3 Kd8 30. Nc6+ Kd7 31. Nd4 Kd8 32. b4 Bd7 33. Ra5 Ke7 34. Rc5 Kd8 35. Ra5 Ke7 36. Nb3 Bb5 37. Ra1 Rc6+ 38. Nc5 Rb6 39. Ra2 Ke8 40. Kd4 Ke7 41. Kc3 Ke8 42. Nb3 Rc6+ 43. Kd4 Ke7 44. Rf2 Ke8 45. Na5 Rc7 46. g4 h6 47. h4 Ke7 48. g5 hxg5 49. hxg5 Be8 50. Ra2 Kf7 51. Nb3 Rb7 52. Rxa6 Rxb4+ 53. Kc3 Rg4 54. Nc5 Rxg5 55. Ra7+ Kg6 56. Re7 Bf7 57. Nd7 Bg8 58. Nf8+ Kf5 59. d4 Ke4 60. Nxe6 Bxe6 61. Rxe6 Rg3+ 62. Kd2 Kxd4 63. Re8 Rg2+ 64. Ke1 Ke3 65. Kf1 Rf2+ 66. Kg1 Re2 67. Rg8 Kd2 68. Re8 d4 69. e6 d3 70. e7 g5 71. Kf1 g4 72. Kg1 g3 73. Kf1 Rf2+ 74. Kg1 Rf7 75. Kg2 Rg7 76. Kg1 g2 0-1

[Event "WBX-Tch"]
[Site "Edmonton"]
[Date "2014.12.14"]
[Round "5.3"]
[White "Pechenkin, Vladimir"]
[Black "Cheng, Louis"]
[Result "1-0"]
[WhiteElo "2302"]
[BlackElo "1991"]
[PlyCount "75"]
[EventDate "2014.12.13"]
[EventType "swiss"]
[EventRounds "5"]
[EventCountry "CAN"]
[SourceTitle "EXT 2022"]
[Source "ChessBase"]
[SourceDate "2021.10.06"]
[SourceVersion "1"]
[SourceVersionDate "2021.10.06"]
[SourceQuality "1"]

1. c4 e5 2. g3 Nc6 3. Nc3 g6 4. Bg2 Bg7 5. e4 Nd4 6. Nge2 d6 7. Nxd4 exd4 8. Ne2 c5 9. d3 Ne7 10. 0-0 0-0 11. Bd2 Bd7 12. b4 b5 13. bxc5 dxc5 14. cxb5 Bxb5 15. Qb3 Rb8 16. Rfc1 Qc8 17. Nf4 Rd8 18. Qa3 Qa6 19. Qxa6 Bxa6 20. Rxc5 Bh6 21. Rc7 Nc8 22. Bf1 Rd6 23. Bc1 Bf8 24. Nd5 Nb6 25. Rxa7 Nxd5 26. exd5 Rbd8 27. Bf4 R8d7 28. Ra8 Rd8 29. Bxd6 Rxa8 30. Bxf8 Kxf8 31. Rb1 Bc8 32. Rb4 Rxa2 33. Rxd4 Ra1 34. Kg2 Bb7 35. Be2 Ke7 36. Bf3 Kd6 37. Rh4 h5 38. Rf4 1-0

[Event "WBX-Tch"]
[Site "Edmonton"]
[Date "2014.12.13"]
[Round "2.2"]
[White "Gardner, Robert"]
[Black "Pechenkin, Vladimir"]
[Result "0-1"]
[WhiteElo "2101"]
[BlackElo "2302"]
[PlyCount "52"]
[EventDate "2014.12.13"]
[EventType "swiss"]
[EventRounds "5"]
[EventCountry "CAN"]
[SourceTitle "EXT 2022"]
[Source "ChessBase"]
[SourceDate "2021.10.06"]
[SourceVersion "1"]
[SourceVersionDate "2021.10.06"]
[SourceQuality "1"]

1. b3 b6 2. Bb2 Bb7 3. d4 e6 4. Nd2 c5 5. e4 cxd4 6. Ngf3 d6 7. Nxd4 Nf6 8. Bd3 Nbd7 9. 0-0 Be7 10. f4 0-0 11. g4 Nc5 12. Qe2 d5 13. e5 Nfe4 14. Rf3 Nxd2 15. Qxd2 Ne4 16. Qe2 Bc5 17. Rh3 f6 18. b4 fxe5 19. bxc5 exd4 20. Bxd4 Rxf4 21. Be5 Rf7 22. Bxe4 dxe4 23. Rd1 Qe7 24. Rd6 bxc5 25. Qd2 Raf8 26. g5 Rf1+ 0-1

[Event "WBX-Tch"]
[Site "Edmonton"]
[Date "2014.12.13"]
[Round "1.2"]
[White "Pechenkin, Vladimir"]
[Black "Miller, David"]
[Result "1/2-1/2"]
[WhiteElo "2302"]
[BlackElo "2045"]
[PlyCount "84"]
[EventDate "2014.12.13"]
[EventType "swiss"]
[EventRounds "5"]
[EventCountry "CAN"]
[SourceTitle "EXT 2022"]
[Source "ChessBase"]
[SourceDate "2021.10.06"]
[SourceVersion "1"]
[SourceVersionDate "2021.10.06"]
[SourceQuality "1"]

1. c4 g6 2. Nc3 Bg7 3. g3 Nf6 4. Bg2 0-0 5. d3 e5 6. e4 d6 7. Nge2 Nc6 8. 0-0 Nh5 9. Nd5 f5 10. exf5 gxf5 11. f4 Nf6 12. fxe5 dxe5 13. Bg5 Ne7 14. d4 Nfxd5 15. Bxd5+ Kh8 16. dxe5 c6 17. Bg2 Qb6+ 18. Qd4 Qxd4+ 19. Nxd4 Ng6 20. b3 Bxe5 21. Rad1 f4 22. Bh6 Bg4 23. Bf3 Rfd8 24. Bxg4 Rxd4 25. Rxd4 Bxd4+ 26. Kg2 fxg3 27. hxg3 Bg7 28. Bg5 Ne5 29. Bf5 h6 30. Rh1 Rf8 31. g4 Nf7 32. Bf4 Kg8 33. Rd1 Ne5 34. Kg3 Kf7 35. Rd6 Bf6 36. Bxh6 Rd8 37. Rxd8 Bxd8 38. Bf4 Bc7 39. Bc8 b6 40. Bb7 c5 41. Be4 Bd6 42. Kh3 Nxc4 1/2-1/2

[Event "Calgary"]
[Site "Calgary"]
[Date "2014.11.11"]
[Round "9.4"]
[White "Sevillano, Enrico"]
[Black "Pechenkin, Vladimir"]
[Result "1/2-1/2"]
[WhiteElo "2456"]
[BlackElo "2332"]
[PlyCount "93"]
[EventDate "2014.11.06"]
[EventType "tourn"]
[EventRounds "9"]
[EventCountry "CAN"]
[SourceTitle "EXT 2022"]
[Source "ChessBase"]
[SourceDate "2021.10.06"]
[SourceVersion "1"]
[SourceVersionDate "2021.10.06"]
[SourceQuality "1"]

1. e4 e6 2. d4 d5 3. e5 c5 4. c3 Nc6 5. Nf3 Bd7 6. Bd3 Rc8 7. dxc5 Bxc5 8. 0-0 Nge7 9. Nbd2 Ng6 10. Qe1 Qc7 11. Bxg6 fxg6 12. Nb3 Bb6 13. Be3 Nxe5 14. Nxe5 Qxe5 15. Bxb6 Qxe1 16. Rfxe1 axb6 17. Nd4 Ke7 18. Re5 Kd6 19. Rae1 Rce8 20. f4 Rhf8 21. g3 Rf6 22. h4 Ra8 23. a3 Rc8 24. Kf2 Rcf8 25. Ke3 Rc8 26. Kd3 Rcf8 27. Kc2 Ba4+ 28. Kb1 Bd7 29. Ka2 Rc8 30. Kb3 Ra8 31. R1e3 Rc8 32. Re1 Ra8 33. R5e3 Rc8 34. Nf3 h6 35. Re5 Ra8 36. Nd4 Rc8 37. Kc2 Ra8 38. Kd3 Rc8 39. b3 b5 40. Kc2 Ra8 41. Kb2 Rc8 42. Rd1 Rc5 43. Rd2 Rc8 44. Rd1 Rc5 45. Rd2 Rc8 46. Rde2 Ra8 47. Rd2 1/2-1/2

[Event "Calgary"]
[Site "Calgary"]
[Date "2014.11.08"]
[Round "4.2"]
[White "Pechenkin, Vladimir"]
[Black "Mikhalevski, Victor"]
[Result "0-1"]
[WhiteElo "2332"]
[BlackElo "2565"]
[PlyCount "82"]
[EventDate "2014.11.06"]
[EventType "tourn"]
[EventRounds "9"]
[EventCountry "CAN"]
[SourceTitle "EXT 2022"]
[Source "ChessBase"]
[SourceDate "2021.10.06"]
[SourceVersion "1"]
[SourceVersionDate "2021.10.06"]
[SourceQuality "1"]

1. Nf3 d5 2. g3 Bg4 3. Bg2 Nd7 4. c4 e6 5. cxd5 exd5 6. Nc3 c6 7. 0-0 Ngf6 8. d3 Bc5 9. Rb1 a5 10. a3 Qe7 11. Bf4 0-0 12. d4 Bd6 13. Bxd6 Qxd6 14. b4 b5 15. Qc2 axb4 16. axb4 Rfe8 17. Nh4 Nb6 18. e4 dxe4 19. Nxe4 Nxe4 20. Bxe4 Nc4 21. Rbe1 g6 22. Ng2 f5 23. Bd3 Qxd4 24. Bxc4+ bxc4 25. Rxe8+ Rxe8 26. Ne3 c3 27. Qb3+ Kf8 28. Nxg4 fxg4 29. Rd1 Qd2 30. Kg2 Qe2 31. Rf1 Qf3+ 32. Kg1 Rd8 33. b5 cxb5 34. Qb4+ Kg8 35. Qxb5 Rc8 36. Qa6 Qc6 37. Qa2+ Qc4 38. Qxc4+ Rxc4 39. Rc1 Kf7 40. Kf1 c2 41. Ke2 Ke6 0-1

[Event "Calgary"]
[Site "Calgary"]
[Date "2014.11.06"]
[Round "1.1"]
[White "Pechenkin, Vladimir"]
[Black "Ng, Gary"]
[Result "1/2-1/2"]
[WhiteElo "2332"]
[BlackElo "2151"]
[PlyCount "153"]
[EventDate "2014.11.06"]
[EventType "tourn"]
[EventRounds "9"]
[EventCountry "CAN"]
[SourceTitle "EXT 2022"]
[Source "ChessBase"]
[SourceDate "2021.10.06"]
[SourceVersion "1"]
[SourceVersionDate "2021.10.06"]
[SourceQuality "1"]

1. c4 c6 2. g3 Nf6 3. Bg2 d5 4. Nf3 dxc4 5. 0-0 Nbd7 6. Na3 Nb6 7. Qc2 Be6 8. Ng5 Bg4 9. f3 Bh5 10. Nxc4 Qd4+ 11. Ne3 Bg6 12. Qb3 h6 13. Nh3 e5 14. Nf2 Bc5 15. d3 0-0 16. Nc2 Qd7 17. Be3 Qe7 18. Bxc5 Qxc5 19. Qc3 Qe7 20. b4 Nfd5 21. Qb3 a5 22. a3 axb4 23. axb4 Nc7 24. Ra5 Nb5 25. e4 Kh7 26. Rd1 Rad8 27. Raa1 f6 28. Qb2 Nd4 29. Nxd4 Rxd4 30. Rdb1 Nc8 31. Qc3 Nd6 32. Qc5 Re8 33. Bh3 Nb5 34. Qxe7 Rxe7 35. Ra8 Re8 36. Rxe8 Bxe8 37. Be6 Nc7 38. Bc8 Rd8 39. Bf5+ g6 40. Bh3 Na6 41. f4 h5 42. fxe5 fxe5 43. g4 Rd4 44. gxh5 gxh5 45. Bc8 Nxb4 46. Bxb7 Nxd3 47. Nxd3 Rxd3 48. Rc1 Rd7 49. Bc8 Rc7 50. Bf5+ Bg6 51. Rc5 Bxf5 52. exf5 Kg7 53. Rxe5 c5 54. Kf2 Kf6 55. Rd5 c4 56. Ke2 c3 57. Kd1 Rg7 58. Kc2 Rg2+ 59. Kxc3 Rxh2 60. Kd3 h4 61. Ke4 Rf2 62. Rd6+ Kg5 63. Rg6+ Kh5 64. Rg8 h3 65. Rh8+ Kg4 66. Rg8+ Kh4 67. Rh8+ Kg3 68. Rg8+ Kh2 69. Ke5 Rg2 70. Rh8 Re2+ 71. Kd6 Rf2 72. Ke6 Kg2 73. f6 h2 74. f7 h1Q 75. Rxh1 Kxh1 76. Ke7 Rxf7+ 77. Kxf7 1/2-1/2

[Event "Calgary Alberta op"]
[Site "Calgary"]
[Date "2014.10.13"]
[Round "6.3"]
[White "Ng, Gary"]
[Black "Pechenkin, Vladimir"]
[Result "0-1"]
[WhiteElo "2248"]
[BlackElo "2388"]
[PlyCount "70"]
[EventDate "2014.10.11"]
[EventType "swiss"]
[EventRounds "6"]
[EventCountry "CAN"]
[SourceTitle "EXT 2022"]
[Source "ChessBase"]
[SourceDate "2021.10.06"]
[SourceVersion "1"]
[SourceVersionDate "2021.10.06"]
[SourceQuality "1"]

1. b4 e5 2. Bb2 Bxb4 3. Bxe5 Nf6 4. c4 0-0 5. Nf3 Nc6 6. Bb2 d5 7. cxd5 Nxd5 8. e3 Re8 9. Be2 Bg4 10. 0-0 Qe7 11. Qb3 Nf4 12. Bd1 Be6 13. Qc2 Ng6 14. d4 Rad8 15. Nc3 Bc4 16. Be2 Bxe2 17. Nxe2 Bd6 18. Rac1 Nh4 19. Nd2 Qg5 20. Ng3 Nb4 21. Qb3 Re6 22. Nc4 a5 23. Nxd6 cxd6 24. Rc7 b6 25. a3 Qd5 26. Qxd5 Nxd5 27. Rc6 f5 28. a4 g5 29. Re1 f4 30. Nf1 Rde8 31. Ba3 Nf5 32. g4 Nxd4 33. exd4 Rxe1 34. Rxd6 Nc3 35. f3 Nb1 0-1

[Event "Red Deer Battle of Alberta"]
[Site "Red Deer"]
[Date "2014.09.13"]
[Round "1.3"]
[White "Pechenkin, Vladimir"]
[Black "Ng, Gary"]
[Result "1-0"]
[WhiteElo "2386"]
[BlackElo "2252"]
[PlyCount "79"]
[EventDate "2014.09.13"]
[EventType "team-match"]
[EventRounds "2"]
[EventCountry "CAN"]
[SourceTitle "EXT 2022"]
[Source "ChessBase"]
[SourceDate "2021.10.06"]
[SourceVersion "1"]
[SourceVersionDate "2021.10.06"]
[SourceQuality "1"]
[WhiteTeam "North"]
[BlackTeam "South"]
[WhiteTeamCountry "CAN"]
[BlackTeamCountry "CAN"]

1. c4 c6 2. g3 d5 3. Nf3 Nf6 4. Bg2 g6 5. b3 Bg7 6. Bb2 0-0 7. 0-0 Nbd7 8. Qc2 Re8 9. Nc3 dxc4 10. bxc4 e5 11. d3 Nc5 12. Rfd1 Qc7 13. Ng5 Bf5 14. Rab1 Rad8 15. Na4 Nfd7 16. Bc3 h6 17. Nxc5 Nxc5 18. Ne4 Bxe4 19. Bxe4 f5 20. Bg2 Qf7 21. Bb4 Bf8 22. Qb2 Rd7 23. Qa3 Na6 24. Bxc6 bxc6 25. Qxa6 Re6 26. Bxf8 Qxf8 27. Rb7 Rxb7 28. Qxb7 Qc5 29. Qc8+ Kf7 30. Rb1 f4 31. Rb7+ Kf6 32. Qd8+ Re7 33. Qxe7+ Qxe7 34. Rxe7 Kxe7 35. Kg2 Kd6 36. Kf3 fxg3 37. fxg3 Kc5 38. Ke4 Kb4 39. Kxe5 Ka3 40. d4 1-0

[Event "Edmonton 9th"]
[Site "Edmonton"]
[Date "2014.06.25"]
[Round "5"]
[White "Ivanchuk, Vassily"]
[Black "Pechenkin, Vladimir"]
[Result "1-0"]
[WhiteElo "2738"]
[BlackElo "2311"]
[PlyCount "67"]
[EventDate "2014.06.21"]
[EventType "tourn"]
[EventRounds "9"]
[EventCountry "CAN"]
[EventCategory "10"]
[SourceTitle "CBM 161 Extra"]
[Source "ChessBase"]
[SourceDate "2014.08.29"]
[SourceVersion "1"]
[SourceVersionDate "2014.08.29"]
[SourceQuality "1"]

1. e4 e6 2. d4 d5 3. Nc3 Nf6 4. Bg5 Be7 5. e5 Nfd7 6. Bxe7 Qxe7 7. f4 a6 8. Nf3 Nb6 9. Qd2 Bd7 10. Bd3 c5 11. Qe3 cxd4 12. Qxd4 Qd8 13. a3 Nc6 14. Qf2 h6 15. 0-0 0-0 16. Rae1 Nc8 17. Na4 Nxe5 18. Nxe5 Bxa4 19. f5 Qb6 20. Re3 exf5 21. Qxf5 Qxe3+ 22. Kh1 Qxd3 23. cxd3 Ne7 24. Qg4 Bc6 25. h4 Ng6 26. Nxc6 bxc6 27. Re1 Ra7 28. Re3 Ne7 29. Rg3 g6 30. h5 Kh7 31. Qd4 Rb7 32. Qf6 g5 33. b4 Rc7 34. Re3 1-0

[Event "Edmonton 9th"]
[Site "Edmonton"]
[Date "2014.06.24"]
[Round "4"]
[White "Pechenkin, Vladimir"]
[Black "Panjwani, Raja"]
[Result "0-1"]
[WhiteElo "2311"]
[BlackElo "2440"]
[PlyCount "112"]
[EventDate "2014.06.21"]
[EventType "tourn"]
[EventRounds "9"]
[EventCountry "CAN"]
[EventCategory "10"]
[SourceTitle "CBM 161 Extra"]
[Source "ChessBase"]
[SourceDate "2014.08.29"]
[SourceVersion "1"]
[SourceVersionDate "2014.08.29"]
[SourceQuality "1"]

1. c4 g6 2. Nc3 Bg7 3. g3 c5 4. Bg2 Nc6 5. Nf3 d6 6. 0-0 e6 7. d3 Nge7 8. Bg5 h6 9. Bd2 b6 10. Rb1 Bb7 11. a3 Qd7 12. b4 Rd8 13. e3 0-0 14. Qe2 Ba8 15. Rfd1 Qc8 16. Nb5 g5 17. h3 Ng6 18. Bc3 e5 19. Be1 f5 20. Nc3 Nce7 21. Nh2 Bxg2 22. Kxg2 Rf7 23. a4 Rdf8 24. a5 cxb4 25. Rxb4 Nc6 26. Rb5 Nxa5 27. Nd5 Nc6 28. Qh5 Nge7 29. Ra1 e4 30. d4 f4 31. Qg4 Rf5 32. Nxe7+ Nxe7 33. Rxa7 fxe3 34. Rxe7 exf2 35. Rxf5 fxe1Q 36. Rxf8+ Qxf8 37. Qe6+ Kh7 38. Rf7 Qd2+ 39. Kh1 Qe1+ 40. Kg2 Qe2+ 41. Kh1 Qd1+ 42. Kg2 Qc2+ 43. Kh1 Qb1+ 44. Kg2 Qb2+ 45. Kh1 Qa1+ 46. Kg2 Qa2+ 47. Kh1 Qfa8 48. Rxg7+ Kxg7 49. Qe7+ Kg8 50. Qe6+ Kf8 51. Qxd6+ Ke8 52. Qe6+ Kd8 53. Qxb6+ Kd7 54. Qb5+ Qc6 55. Qf5+ Kc7 56. Qf7+ Qd7 0-1

[Event "Red Deer Battle of Alberta"]
[Site "Red Deer"]
[Date "2013.09.07"]
[Round "2.3"]
[White "Pechenkin, Vladimir"]
[Black "Haessel, Dale R"]
[Result "1-0"]
[WhiteElo "2335"]
[BlackElo "2200"]
[PlyCount "51"]
[EventDate "2013.09.07"]
[EventType "team-match"]
[EventRounds "2"]
[EventCountry "CAN"]
[SourceTitle "EXT 2022"]
[Source "ChessBase"]
[SourceDate "2021.10.06"]
[SourceVersion "1"]
[SourceVersionDate "2021.10.06"]
[SourceQuality "1"]

1. Nf3 Nf6 2. g3 g6 3. b3 Bg7 4. Bb2 0-0 5. Bg2 c5 6. c4 Nc6 7. 0-0 d5 8. cxd5 Nxd5 9. Bxg7 Kxg7 10. d4 Qb6 11. e4 Nf6 12. d5 Nd4 13. Nxd4 cxd4 14. Na3 e5 15. Nc4 Qc7 16. a4 Nh5 17. f4 exf4 18. Qxd4+ f6 19. d6 Qd7 20. gxf4 Qg4 21. e5 Be6 22. Ne3 Qh4 23. Rac1 Bxb3 24. Bxb7 Rad8 25. Ng2 fxe5 26. Qxa7 1-0

[Event "Northern Alberta op"]
[Site "Edmonton"]
[Date "2013.02.17"]
[Round "4"]
[White "Pechenkin, Vladimir"]
[Black "Kalisvaart, Peter"]
[Result "1-0"]
[WhiteElo "2439"]
[BlackElo "2189"]
[PlyCount "77"]
[EventDate "2013.02.16"]
[EventType "swiss"]
[EventRounds "5"]
[EventCountry "CAN"]
[SourceTitle "EXT 2014"]
[Source "ChessBase"]
[SourceDate "2013.11.20"]
[SourceVersion "1"]
[SourceVersionDate "2013.11.20"]
[SourceQuality "1"]

1. c4 Nc6 2. d4 d5 3. Nc3 Nf6 4. Nf3 e6 5. Bg5 Be7 6. e3 h6 7. Bh4 Ne4 8. Bxe7 Qxe7 9. cxd5 Nxc3 10. bxc3 exd5 11. Rb1 Rb8 12. c4 Be6 13. Qa4 0-0 14. Be2 Rfd8 15. 0-0 a6 16. c5 Bg4 17. h3 Bxf3 18. Bxf3 g6 19. Rb2 Rd7 20. Rfb1 Nd8 21. c6 Nxc6 22. Rxb7 Rxb7 23. Rxb7 Nd8 24. Ra7 Kg7 25. Qxa6 f5 26. Ra8 c6 27. Qc8 Qd6 28. g3 Kf6 29. a4 Nf7 30. Qe8 Re7 31. Qf8 Rc7 32. Qg8 Qb4 33. h4 h5 34. Kg2 Qb7 35. a5 c5 36. dxc5 Rxc5 37. a6 Qd7 38. Rb8 Rc7 39. Rb6+ 1-0